Les 20 villes les plus peuplées de France dans l'ordre. - Clic Quiz - Statistiques

Statistiques générales
  • Ce quiz a été pris 1 482 fois
  • Le résultat moyen est 6 sur 20
Statistiques - réponses
Hint Réponse % Correct
1 Paris
98%
2 Marseille
83%
3 Lyon
82%
4 Toulouse
49%
5 Nice
34%
9 Bordeaux
31%
10 Lille
30%
6 Nantes
27%
8 Strasbourg
23%
7 Montpellier
19%
11 Rennes
19%
20 Villeurbanne
16%
12 Reims
15%
18 Angers
14%
19 Saint-Denis (Réunion)
14%
14 Saint-Etienne
14%
17 Dijon
12%
16 Grenoble
11%
15 Le Havre
11%
13 Toulon
9%
Aucun quiz correspondant
Distribution des résultats
% des personnes avec chaque résultat
Percentile par nombre de réponses
Votre historique - résultats
Vous n’avez pas pris ce quiz